| 000 | 00519 a2200169 4500 | ||
|---|---|---|---|
| 020 | _a978-0-345-47232-8 (pbk.) | ||
| 020 | _a0-345-47232-2 (pbk.) | ||
| 040 | _aDLC | ||
| 082 | 0 | 0 | _a153.8 |
| 245 | 1 | 0 |
_aMindset : the new psychology of success _bthe new psychology of success _cCarol S. Dweck |
| 250 | _aBallantine Books trade pbk. ed. | ||
| 260 |
_aNew York : _bBallantine Books, _c2008 |
||
| 300 |
_ax, 277 p. ; _c21 cm. |
||
| 650 | 0 | _xPsychological aspects | |
| 650 | 0 | _aSelf-perception | |
| 942 |
_cBK _k153.8 DWE _2ddc |
||
| 999 |
_c10891 _d10891 |
||